000 00584nam a2200193Ia 4500
003 GCL
008 140319s9999 xx 000 0 ara d
040 _aGCL /
_cGCL
082 0 4 _a813.01
_bا ا
100 1 _aاحمد محمد عبدالرحيم
245 1 0 _aاحلام شعب وقصص اخرى للسينما /
_cاحمد محمد عبدالرحيم
700 1 _aشوقى السكرى
300 _a123 ص
490 _a
650 0 4 _aالادب العربى
650 0 4 _aالقصص العربية
650 0 4 _aالقصص العربية القصيرة
942 _2ddc
_cBK
999 _c40417
_d40417